书目信息 |
| 题名: |
我的意中建筑
|
|
| 作者: | 中村好文, 著 ;蒋芳婧 译 | |
| 分册: | ||
| 出版信息: | 南京 江苏凤凰科学技术出版社 2019.06 |
|
| 页数: | 271页 | |
| 开本: | 23cm | |
| 丛书名: | 建筑设计经典译丛 | |
| 单 册: | ||
| 中图分类: | TU-861 | |
| 科图分类: | ||
| 主题词: | 建筑艺术--jian zhu yi shu--研究--世界 | |
| 电子资源: | ||
| ISBN: | 978-7-5713-0263-4 | |
| 000 | 01131nam0 2200277 450 | |
| 001 | 2338917522 | |
| 005 | 20231124104846.12 | |
| 010 | @a978-7-5713-0263-4@dCNY88.00 | |
| 100 | @a20190621d2019 em y0chiy50 ea | |
| 101 | 1 | @achi@cjpn |
| 102 | @aCN@b320000 | |
| 105 | @aa z 000yy | |
| 106 | @ar | |
| 200 | 1 | @a我的意中建筑@Awo de yi zhong jian zhu@f(日) 中村好文著@g蒋芳婧译 |
| 210 | @a南京@c江苏凤凰科学技术出版社@d2019.06 | |
| 215 | @a271页@c彩图@d23cm | |
| 225 | 2 | @a建筑设计经典译丛@Ajian zhu she ji jing dian yi cong@v24 |
| 314 | @a中村好文, 建筑师。蒋芳婧, 天津外国语大学高级翻译学院副教授, 日语MTI笔译专业负责人。 | |
| 330 | @a本书作者游历8国, 以从业30余年的眼光对原千代田生命保险总公司大楼、约翰·索恩爵士博物馆、丰多摩监狱、沙克生物学研究所等19座建筑名作进行解读, 并配以22幅手绘参观地图, 为读者充分呈现建筑细部和空间构成之美。 | |
| 410 | 0 | @12001 @a建筑设计经典译丛@v24 |
| 606 | 0 | @a建筑艺术@Ajian zhu yi shu@x研究@y世界 |
| 690 | @aTU-861@v5 | |
| 701 | 0 | @a中村好文,@Azhong cun hao wen@f1948-)@4著 |
| 702 | 0 | @a蒋芳婧@Ajiang fang jing@4译 |
| 801 | @aCN@b山东中教@c20231121 | |
| 905 | @aBZT@dTU-861@e11 | |
| 我的意中建筑/(日) 中村好文著/蒋芳婧译.-南京:江苏凤凰科学技术出版社,2019.06 |
| 271页:彩图;23cm.-(建筑设计经典译丛;24) |
| ISBN 978-7-5713-0263-4:CNY88.00 |
| 本书作者游历8国, 以从业30余年的眼光对原千代田生命保险总公司大楼、约翰·索恩爵士博物馆、丰多摩监狱、沙克生物学研究所等19座建筑名作进行解读, 并配以22幅手绘参观地图, 为读者充分呈现建筑细部和空间构成之美。 |
| ● |
| 相关链接 |
|
|
|
正题名:我的意中建筑
索取号:TU-861/11
 
预约/预借
| 序号 | 登录号 | 条形码 | 馆藏地/架位号 | 状态 | 备注 |
| 1 | 2001043163 | 2001043163 | 中教第一批/山东中教(第一批)/638/ [索取号:TU-861/11] | 在馆 | |
| 2 | 2001043164 | 2001043164 | 中教第一批/山东中教(第一批)/638/ [索取号:TU-861/11] | 在馆 | |
| 3 | 2001043165 | 2001043165 | 中教第一批/山东中教(第一批)/638/ [索取号:TU-861/11] | 在馆 | |
| 4 | 2001043166 | 2001043166 | 中教第一批/山东中教(第一批)/638/ [索取号:TU-861/11] | 在馆 | |
| 5 | 2001043167 | 2001043167 | 中教第一批/山东中教(第一批)/638/ [索取号:TU-861/11] | 在馆 | |
| 6 | 2001043168 | 2001043168 | 中教第一批/山东中教(第一批)/638/ [索取号:TU-861/11] | 在馆 |